Statistics for Countries Between Northern Mariana Islands and Guam

Click here to take the quiz!

General Stats

  • This quiz has been taken 38 times
  • The average score is 6 of 10

Answer Stats

ContinentPopulationCountry% Correct
Oceania103,252Tonga
77%
Oceania102,800Federated States of Micronesia
74%
Oceania113,400Kiribati
68%
Oceania54,880Marshall Islands
65%
North America86,295Antigua and Barbuda
52%
Africa93,144Seychelles
52%
Europe78,014Andorra
48%
North America109,991Saint Vincent and the Grenadines
48%
North America71,293Dominica
45%
America103,328Grenada
42%

Score Distribution

Percentile by Number Answered

Percent of People with Each Score

Your Score History

You have not taken this quiz